| 000 | 00556nam a2200193Ia 4500 | ||
|---|---|---|---|
| 005 | 20250507130250.0 | ||
| 008 | 008 250505s9999 xx 000 0 eng d | ||
| 037 | _aSeries Article | ||
| 040 |
_aEASL _beng _cEASL |
||
| 041 |
_aeng _2eng |
||
| 084 | _qEASL | ||
| 100 | _aHershatter Gail | ||
| 245 | 0 | _aDisquiet in the house of gender | |
| 260 |
_aUK _bCambridge Association of Asian Studies (Cambridge University Press) _c2012 |
||
| 300 | _a873-894 | ||
| 650 | _aAsian Studies; Economics | ||
| 942 | _cSRA | ||
| 999 |
_c1318651 _d1318651 |
||